00474nam a22001577a 4500003000400000005001700004008004100021020001500062050002300077082002600100100001900126245007400145260005100219300002600270650002000296OSt20151026153356.0130306t xxu||||| |||| 00| 0 eng d a1853264679 aJC 177b.P144 1996 aIB 320.51 bP16r 1996 aPaine, Thomas. aRights of man cThomas Paine with an introduction by Derek Matravers  aWare : bWordsworth Editions Limited, cc1996. axii, 226 p. :c20 cm  aEnglish essays